[Event "Pardubice Czech op-D 29th"]
[Site "Pardubice"]
[Date "2018.07.24"]
[Round "5"]
[White "Salykin, Tymur"]
[Black "Bilau, Max"]
[Result "1/2-1/2"]
[WhiteElo "1678"]
[BlackElo "1550"]
[PlyCount "80"]
[EventDate "2018.07.21"]
[EventType "swiss"]
[EventRounds "9"]
[EventCountry "CZE"]
[SourceTitle "CBM 186 Extra"]
[Source "ChessBase"]
[SourceDate "2018.08.24"]
[SourceVersion "1"]
[SourceVersionDate "2018.08.24"]
[SourceQuality "1"]

1. Nf3 d5 2. b3 Bf5 3. Bb2 e6 4. e3 c5 5. Bb5+ Nc6 6. Ne5 Rc8 7. 0-0 Nf6 8. d3 Bd6 9. f4 Bxe5 10. fxe5 Nd7 11. Nd2 a6 12. Bxc6 Rxc6 13. Nf3 b5 14. Qe1 h6 15. Qg3 0-0 16. Rf2 Rc7 17. Raf1 Bh7 18. Bc1 Kh8 19. Nh4 Qe7 20. Kh1 c4 21. bxc4 bxc4 22. d4 Be4 23. c3 Rb7 24. h3 Nb6 25. Rb2 Na4 26. Rxb7 Qxb7 27. Ba3 Rd8 28. Bb4 Qa7 29. Qe1 Rb8 30. Qd1 Nb2 31. Qg4 Kg8 32. Nf3 Nd3 33. a3 a5 34. Bd6 Rb2 35. Qh4 Qd7 36. Kg1 Qa4 37. Qe7 Qc2 38. Nh4 Qxg2+ 39. Nxg2 Rxg2+ 40. Kh1 Rf2+ 1/2-1/2